| 000 | 00852nam a2200229Ia 4500 | ||
|---|---|---|---|
| 003 | OSt | ||
| 005 | 20250821150434.0 | ||
| 008 | 220922b |||||||| |||| 00| 0 hin d | ||
| 020 | _a8185999252 (hbk) | ||
| 037 | _cTB | ||
| 040 |
_aARTS _cARTS _bhin |
||
| 041 |
_2hin _ahin |
||
| 084 |
_aO152:gN51 P0 _qAL |
||
| 100 |
_aअवस्थी, रेखा _9158684 |
||
| 245 | 0 | _aप्रगतिवाद और समानांतर साहित्य | |
| 246 | _aPragativād aur samānāantar sāhitya | ||
| 260 |
_aदिल्ली _b स्वराज प्रकाशन _c2000 |
||
| 300 |
_a362पृ. _ccm. |
||
| 650 |
_aहिन्दी साहित्य _9156264 |
||
| 942 |
_hO152:gN51 P0 _cTB _2CC _n0 |
||
| 999 |
_c295876 _d295876 |
||